000 01257nam a2200301 i 4500
003 EG-GICUC
005 20260502102207.0
008 260502s1931 |||fr|||| 00| 0 fre d
040 _a EG-GICUC
_bfre
_c EG-GICUC
_d EG-GICUC
_erda
082 0 4 _221
_a343.6
_bCO . A
092 0 4 _221
099 _aLaw1 10 343.6 CO . A 1931
111 _aCongrès Pénal Et Pénitentiaire International.
_dAoût 1930.
245 1 0 _aActes Du Congrès Pénal Et Pénitentiaire International :
_bTableaux Des Comités Et Des Membres Programme Des Questions Traitées; Résolutions Votées Documents Présentés Récit Des Réceptions Et Excursions.
_nVolume IB /
_cCongrès Pénal Et Pénitentiaire International.
264 1 _aBerne :
_bBureau De La Commission Internationale Pénale Et Pénitentiaire,
_c1931.
264 3 _aBerne :
_bImprimé Par Stæmpeli & Cie,
300 _a101 page;
_c24 cm
336 _2rda content
_atext
337 _2rda media
_aComputer
338 _2rda carrier
_aOnline Resource
546 _aالنص باللغة الفرنسية
650 1 _aCriminologie
_2qrmak
650 1 _aDroit De Pénal
_2qrmak
651 1 _2qrmak
856 4 0 _uhttps://fll.law.cu.edu.eg/fulltext/conf/B10-11126.pdf
905 _a54
942 _2ddc
_cBK
_e21
_n0
999 _c74771
_d74771